Paraganglioma egy 15 éves fiú esete /
Elmentve itt :
| Szerzők: | |
|---|---|
| Dokumentumtípus: | Könyv része |
| Megjelent: |
2010
|
| Sorozat: | Tiszaparti esték
11 Tiszaparti esték : gyermekgyógyászati továbbképző előadások 2009-2010 11 |
| Kulcsszavak: | Gyermekgyógyászat, Magas vérnyomás, Rákbetegség, Sebészet |
| Tárgyszavak: | |
| Online Access: | http://acta.bibl.u-szeged.hu/18995 |
| LEADER | 00963naa a2200265 i 4500 | ||
|---|---|---|---|
| 001 | acta18995 | ||
| 005 | 20220321154848.0 | ||
| 008 | 161015s2010 hu o 0|| hun d | ||
| 022 | |a 1588-3515 | ||
| 040 | |a SZTE Egyetemi Kiadványok Repozitórium |b hun | ||
| 041 | |a hun | ||
| 100 | 1 | |a Tiszlavicz Lilla | |
| 245 | 1 | 0 | |a Paraganglioma |h [elektronikus dokumentum] : |b egy 15 éves fiú esete / |c Tiszlavicz Lilla |
| 260 | |c 2010 | ||
| 300 | |a 95-98 | ||
| 490 | 0 | |a Tiszaparti esték |v 11 | |
| 490 | 0 | |a Tiszaparti esték : gyermekgyógyászati továbbképző előadások 2009-2010 |v 11 | |
| 650 | 4 | |a Orvos- és egészségtudomány | |
| 650 | 4 | |a Klinikai orvostan | |
| 695 | |a Gyermekgyógyászat, Magas vérnyomás, Rákbetegség, Sebészet | ||
| 700 | 0 | 1 | |a Bereczki Csaba |e aut |
| 700 | 0 | 1 | |a Katona Márta |e aut |
| 700 | 0 | 1 | |a Bartyik Katalin |e aut |
| 700 | 0 | 1 | |a Túri Sándor |e aut |
| 856 | 4 | 0 | |u http://acta.bibl.u-szeged.hu/18995/1/tiszaparti_2009_095-098.pdf |z Dokumentum-elérés |